Некоторые вопросы собирания защитником доказательств в свете УПК РФ; Известия Томского политехнического университета [Известия ТПУ]; Т. 305, вып. 8 : Геология и разработка нефтяных и газовых месторождений
| Parent link: | Известия Томского политехнического университета [Известия ТПУ]/ Томский политехнический университет (ТПУ).— , 2000- Т. 305, вып. 8 : Геология и разработка нефтяных и газовых месторождений.— 2002.— [С. 272-273] |
|---|---|
| 1. autor: | |
| Streszczenie: | Заглавие с титульного листа Электронная версия печатной публикации Данная статья посвящена проблемам собирания доказательств защитником. Проблематика вопроса вызвана тем, что УПК РФ, закрепляя данное право за защитником, не предусмотрел механизма реализации. В рамках статьи выносятся предложения о внесении дополнений в действующее законодательство с целью ликвидации вышеуказанного пробела. |
| Język: | rosyjski |
| Wydane: |
2002
|
| Seria: | Право |
| Hasła przedmiotowe: | |
| Dostęp online: | http://www.lib.tpu.ru/fulltext/v/Bulletin_TPU/2002/v305/i8/47.pdf |
| Format: | MixedMaterials Elektroniczne Rozdział |
| KOHA link: | https://koha.lib.tpu.ru/cgi-bin/koha/opac-detail.pl?biblionumber=167042 |
MARC
| LEADER | 00000nla2a2200000 4500 | ||
|---|---|---|---|
| 001 | 167042 | ||
| 005 | 20231031162647.0 | ||
| 035 | |a (RuTPU)RU\TPU\book\181197 | ||
| 035 | |a RU\TPU\book\181196 | ||
| 090 | |a 167042 | ||
| 100 | |a 20091011d2002 k y0rusy50 ca | ||
| 101 | 0 | |a rus | |
| 102 | |a RU | ||
| 135 | |a drnn ---uucaa | ||
| 181 | 0 | |a i | |
| 182 | 0 | |a b | |
| 200 | 1 | |a Некоторые вопросы собирания защитником доказательств в свете УПК РФ |b Электронный ресурс |f А. А. Колмацуй | |
| 203 | |a Текст |c электронный | ||
| 215 | |a 1 файл (348 Кб) | ||
| 225 | 1 | |a Право | |
| 230 | |a Электронные текстовые данные (1 файл : 348 Кб) | ||
| 300 | |a Заглавие с титульного листа | ||
| 300 | |a Электронная версия печатной публикации | ||
| 320 | |a [Библиогр.: с. 273 (1 назв.)] | ||
| 330 | |a Данная статья посвящена проблемам собирания доказательств защитником. Проблематика вопроса вызвана тем, что УПК РФ, закрепляя данное право за защитником, не предусмотрел механизма реализации. В рамках статьи выносятся предложения о внесении дополнений в действующее законодательство с целью ликвидации вышеуказанного пробела. | ||
| 337 | |a Adobe Reader | ||
| 461 | 1 | |0 (RuTPU)RU\TPU\book\176237 |t Известия Томского политехнического университета [Известия ТПУ] |f Томский политехнический университет (ТПУ) |d 2000- | |
| 463 | 1 | |0 (RuTPU)RU\TPU\book\180913 |t Т. 305, вып. 8 : Геология и разработка нефтяных и газовых месторождений |o тематический выпуск |v [С. 272-273] |d 2002 |p 279 с. | |
| 610 | 1 | |a полномочия защитнико | |
| 610 | 1 | |a защитники | |
| 610 | 1 | |a доказательства | |
| 610 | 1 | |a уголовно-процессуальный кодекс | |
| 610 | 1 | |a Российская Федерация | |
| 610 | 1 | |a права | |
| 610 | 1 | |a механизм реализации | |
| 610 | 1 | |a внесение дополнений | |
| 610 | 1 | |a действующее законодательство | |
| 610 | 1 | |a кодексы | |
| 610 | 1 | |a труды учёных ТПУ | |
| 610 | 1 | |a электронный ресурс | |
| 610 | 1 | |a сбор доказательств | |
| 700 | 1 | |a Колмацуй |b А. А. | |
| 801 | 1 | |a RU |b 63413507 |c 20090623 |g PSBO | |
| 801 | 2 | |a RU |b 63413507 |c 20210421 |g PSBO | |
| 856 | 4 | |u http://www.lib.tpu.ru/fulltext/v/Bulletin_TPU/2002/v305/i8/47.pdf | |
| 942 | |c CF | ||